Quizlendrier de l'Avent #09 - Paroles - Noël que du bonheur - Statistiques

Statistiques générales
  • Ce quiz a été pris 36 fois
  • Le résultat moyen est 203 sur 319
Statistiques - réponses
Paroles % Correct
Noël
100%
d'
97%
bonheur
94%
tu
94%
a
91%
à
91%
C'
91%
du
91%
es-
91%
est
91%
la
91%
lalalalala
91%
le
91%
Le
91%
Les
91%
les
91%
que
91%
s'
91%
88%
I
84%
Père
84%
père
84%
De
81%
de
81%
je
81%
des
78%
Des
78%
et
78%
dans
72%
sapin
72%
cadeaux
69%
en
69%
En
69%
enfants
66%
se
66%
un
66%
ce
63%
joie
63%
on
59%
On
59%
une
59%
qui
56%
grand
53%
va
53%
étoiles
50%
danse
47%
fête
47%
rires
47%
Tout
47%
Christmas
44%
ciel
44%
cœur
44%
merry
44%
rue
44%
wish
44%
chantent
41%
dansent
41%
nos
41%
tous
41%
you
41%
guirlandes
38%
lumières
38%
monde
38%
plein
38%
soir
38%
autour
34%
entraînante
34%
illuminent
34%
main
34%
musique
34%
partout
34%
ronde
34%
toits
34%
yeux
34%
cœurs
31%
coucher
31%
donnant
31%
étincellent
31%
marche
31%
Minuit
31%
sous
31%
tard
31%
We
31%
amuser
28%
attend
28%
Ding
28%
dong
28%
gens
28%
matin
28%
rêve
28%
sonne
28%
cadence
25%
espérance
25%
pense
25%
regards
25%
vitrines
25%
carillonnent
22%
dang
22%
réveillonnent
22%
Terre
22%
clochers
19%
entrer
19%
lendemain
19%
attente
16%
invite
13%
Aucun quiz correspondant
Distribution des résultats
% des personnes avec chaque résultat
Percentile par nombre de réponses
Votre historique - résultats
Vous n’avez pas pris ce quiz